Cities South of the Equator - Sudden Death - Statistics

General Stats
  • This quiz has been taken 16 times
    11 since last reset
  • The average score is 4 of 8
Answers on the Grid
Answers color-coded by a green-red scale on the quiz's grid according to % correct below.
Nuku'alofa
Port Moresby
Ngerulmud
Jakarta
Singapore
Diego Garcia
Victoria
Nairobi
Kigali
Kinshasa
Paramaribo
Cayenne
 
Answer Stats
Answer % Correct
Nuku'alofa
78%
Port Moresby
78%
Jakarta
56%
Kinshasa
56%
Kigali
44%
Nairobi
44%
Diego Garcia
33%
Victoria
33%
No matching quizzes found
Score Distribution
Percent of People with Each Score
Percentile by Number Answered
Your Score History
You have not taken this quiz since the last reset